[Event "Verbandsklasse 0405"]
[White "Sommerhoff, Dominic"]
[Black "Weinreich, Olaf"]
[Site "Halver"]
[Round "7"]
[Result "1/2-1/2"]
[Date "2005.03.13"]
[WhiteElo "1921"]
[BlackElo "1839"]
[PlyCount "78"]
[EventDate "2004.10.10"]
[EventType "team-tourn"]
[EventRounds "9"]
[EventCountry "GER"]
[SourceTitle "EXT 2007"]
[Source "ChessBase"]
[SourceDate "2006.11.23"]
[SourceVersion "1"]
[SourceVersionDate "2006.11.23"]
[SourceQuality "1"]
[WhiteTeam "Plettenberg"]
[BlackTeam "Halver"]
[WhiteTeamCountry "GER"]
[BlackTeamCountry "GER"]

1. e4 e6 2. d3 d5 3. Nd2 c5 4. Ngf3 Nc6 5. g3 b5 6. Bg2 Nge7 7. 0-0 g6 8. Re1 d4 9. e5 Nd5 10. Ne4 Be7 11. Bh6 Qc7 12. Neg5 Bb7 13. Qe2 Nd8 14. h4 a5 15. Nh2 a4 16. a3 Bxg5 17. Bxg5 h6 18. Bd2 h5 19. Nf3 Ne7 20. Bg5 Qc6 21. Kh2 Nf5 22. Bf6 Rg8 23. Rg1 Qc7 24. Ng5 Bxg2 25. Rxg2 Nh6 26. f3 Nf5 27. Nh7 Nc6 28. Bg5 Rh8 29. Nf6+ Kf8 30. Re1 Nce7 31. Kh3 Rd8 32. Ne4 Rd7 33. f4 Ng7 34. Nf6 Rd8 35. Qf2 Nd5 36. Ne4 Rb8 37. Nd6 Rb6 38. Bh6 Rxd6 39. exd6 Qxd6 1/2-1/2

[Event "Verbandsklasse 0405"]
[White "Irrgang, Stephan"]
[Black "Weinreich, Olaf"]
[Site "Halver"]
[Round "5"]
[Result "1-0"]
[Date "2005.01.16"]
[WhiteElo "2047"]
[BlackElo "1839"]
[PlyCount "77"]
[EventDate "2004.10.10"]
[EventType "team-tourn"]
[EventRounds "9"]
[EventCountry "GER"]
[SourceTitle "EXT 2007"]
[Source "ChessBase"]
[SourceDate "2006.11.23"]
[SourceVersion "1"]
[SourceVersionDate "2006.11.23"]
[SourceQuality "1"]
[WhiteTeam "Kierspe"]
[BlackTeam "Halver"]
[WhiteTeamCountry "GER"]
[BlackTeamCountry "GER"]

1. e4 e6 2. d4 d5 3. Nc3 Nf6 4. e5 Nfd7 5. Nce2 b6 6. Nf4 g6 7. Nf3 Ba6 8. Bxa6 Nxa6 9. c3 c5 10. 0-0 Nc7 11. Re1 Bg7 12. Bd2 c4 13. h4 h6 14. g3 b5 15. Nh2 Qe7 16. a4 Nb6 17. axb5 Nxb5 18. Ng4 h5 19. Ne3 Bh6 20. Nh3 a5 21. Nc2 Bxd2 22. Qxd2 a4 23. Nb4 Kd7 24. Ng5 Kc7 25. Qf4 Rhf8 26. Re3 a3 27. bxa3 Rxa3 28. Rxa3 Nxa3 29. Rf3 Nb5 30. Na6+ Kd8 31. Nc5 Ke8 32. Nh7 Rh8 33. Qh6 Rxh7 34. Qxh7 Na8 35. Qg8+ Qf8 36. Qxf8+ Kxf8 37. Nxe6+ Ke8 38. Ng5 Nbc7 39. Rxf7 1-0

[Event "Sauerland Bezirksliga 0102"]
[White "Klampt, Tobias"]
[Black "Weinreich, Olaf"]
[Site "Sauerland"]
[Round "1"]
[Result "1/2-1/2"]
[Date "2001.09.23"]
[WhiteElo "1672"]
[BlackElo "1875"]
[PlyCount "55"]
[EventDate "2001.09.23"]
[EventType "team-tourn"]
[EventRounds "7"]
[EventCountry "GER"]
[SourceTitle "EXT 2007"]
[Source "ChessBase"]
[SourceDate "2006.11.23"]
[SourceVersion "1"]
[SourceVersionDate "2006.11.23"]
[SourceQuality "1"]
[WhiteTeam "Schalksmuehle"]
[BlackTeam "Halver II"]
[WhiteTeamCountry "GER"]
[BlackTeamCountry "GER"]

1. e4 e6 2. d4 d5 3. exd5 exd5 4. Nf3 Bg4 5. Be2 Bd6 6. Bg5 f6 7. Be3 Ne7 8. Nh4 Bxe2 9. Qxe2 c6 10. Nd2 Qd7 11. Qh5+ g6 12. Qe2 Qe6 13. 0-0-0 Nd7 14. Rde1 0-0-0 15. Qf3 Qf7 16. g3 Rhe8 17. Bg5 Ng8 18. Ng2 Rxe1+ 19. Rxe1 Re8 20. Bf4 Rxe1+ 21. Nxe1 Bf8 22. Qe2 Qe7 23. Qxe7 Nxe7 24. g4 Bg7 25. c3 Nf8 26. Nd3 Ne6 27. Bg3 Bh6 28. f4 1/2-1/2

[Event "Suedwestfalen Verbandsklasse 0001"]
[White "Mauelshagen, Martin"]
[Black "Weinreich, Olaf"]
[Site "Suedwestfalen"]
[Round "9"]
[Result "1/2-1/2"]
[Date "2001.04.29"]
[WhiteElo "1988"]
[BlackElo "1949"]
[PlyCount "64"]
[EventDate "2000.09.17"]
[EventType "team-tourn"]
[EventRounds "9"]
[EventCountry "GER"]
[SourceTitle "EXT 2007"]
[Source "ChessBase"]
[SourceDate "2006.11.23"]
[SourceVersion "1"]
[SourceVersionDate "2006.11.23"]
[SourceQuality "1"]
[WhiteTeam "Wiehl"]
[BlackTeam "Halver"]
[WhiteTeamCountry "GER"]
[BlackTeamCountry "GER"]

1. d4 Nf6 2. c4 a6 3. Nc3 c5 4. e3 e6 5. d5 exd5 6. Nxd5 Nxd5 7. Qxd5 Nc6 8. Bd2 d6 9. Bc3 Be6 10. Qd2 Ne5 11. b3 Ng4 12. f3 Nf6 13. Ne2 Be7 14. Nf4 0-0 15. Rd1 Ne8 16. Be2 Bf6 17. 0-0 Qe7 18. Bxf6 Qxf6 19. Nd5 Bxd5 20. Qxd5 Rb8 21. Rfe1 Qe6 22. Kf2 Qxd5 23. Rxd5 f6 24. f4 g6 25. e4 Rf7 26. Bf3 b6 27. e5 fxe5 28. fxe5 dxe5 29. Rdxe5 Kf8 30. Kg3 Nd6 31. Bg4 Re8 32. Rxe8+ Nxe8 1/2-1/2

[Event "Halver-chA"]
[White "Weinreich, Olaf"]
[Black "Kaemper, Ralph"]
[Site "Halver"]
[Round "4"]
[Result "0-1"]
[Date "2001.03.30"]
[WhiteElo "1949"]
[BlackElo "1898"]
[PlyCount "62"]
[EventDate "2001.01.19"]
[EventType "tourn"]
[EventRounds "9"]
[EventCountry "GER"]
[SourceTitle "EXT 2007"]
[Source "ChessBase"]
[SourceDate "2006.11.23"]
[SourceVersion "1"]
[SourceVersionDate "2006.11.23"]
[SourceQuality "1"]

1. e4 c6 2. d4 d5 3. e5 Bf5 4. h4 c5 5. g4 Bd7 6. c3 e6 7. Bd3 Nc6 8. Ne2 Qb6 9. Bc2 Rc8 10. a3 Qc7 11. Bf4 cxd4 12. Nxd4 Nxe5 13. 0-0 Bd6 14. Bg3 Ne7 15. h5 a6 16. Nd2 N5c6 17. Bxd6 Qxd6 18. N2b3 Nxd4 19. cxd4 Qf4 20. Nc5 Bc6 21. Re1 g6 22. h6 0-0 23. Qe2 Qxd4 24. Nxe6 fxe6 25. Qxe6+ Rf7 26. Re3 Qxb2 27. Rae1 Qxc2 28. Qxf7+ Kxf7 29. Rxe7+ Kg8 30. Rg7+ Kh8 31. Rf7 Qd2 0-1

[Event "Halver-chA"]
[White "Weinreich, Olaf"]
[Black "Schmidt, Volker1"]
[Site "Halver"]
[Round "8"]
[Result "0-1"]
[Date "2001.03.23"]
[WhiteElo "1949"]
[BlackElo "1959"]
[PlyCount "72"]
[EventDate "2001.01.19"]
[EventType "tourn"]
[EventRounds "9"]
[EventCountry "GER"]
[SourceTitle "EXT 2007"]
[Source "ChessBase"]
[SourceDate "2006.11.23"]
[SourceVersion "1"]
[SourceVersionDate "2006.11.23"]
[SourceQuality "1"]

1. Nf3 Nf6 2. b3 g6 3. Bb2 Bg7 4. g3 d6 5. Bg2 e5 6. d3 Nc6 7. 0-0 Bd7 8. c4 Qe7 9. e4 0-0 10. Nc3 Nd4 11. Nxd4 exd4 12. Nd5 Nxd5 13. cxd5 c5 14. dxc6 bxc6 15. Qd2 c5 16. Rae1 Bc6 17. f4 Qb7 18. f5 Rae8 19. Bc1 f6 20. fxg6 hxg6 21. Rf2 Re5 22. Qd1 Ree8 23. Ref1 Qd7 24. h4 a5 25. Kh2 a4 26. Bh3 Qe7 27. Qg4 Qf7 28. Bf4 Rd8 29. Bg5 Bd7 30. Rxf6 Bxf6 31. Rxf6 Qxf6 32. Bxf6 Bxg4 33. Bxd8 Bxh3 34. Be7 axb3 35. axb3 Bf1 36. Bxd6 Rc8 0-1

[Event "Halver-chA"]
[White "Jansen, Dirk Norbert"]
[Black "Weinreich, Olaf"]
[Site "Halver"]
[Round "7"]
[Result "1-0"]
[Date "2001.03.16"]
[WhiteElo "1903"]
[BlackElo "1949"]
[PlyCount "55"]
[EventDate "2001.01.19"]
[EventType "tourn"]
[EventRounds "9"]
[EventCountry "GER"]
[SourceTitle "EXT 2007"]
[Source "ChessBase"]
[SourceDate "2006.11.23"]
[SourceVersion "1"]
[SourceVersionDate "2006.11.23"]
[SourceQuality "1"]

1. e4 c6 2. d4 d5 3. e5 Bf5 4. h4 f6 5. g4 Bc8 6. f4 c5 7. c3 e6 8. h5 Nc6 9. Nf3 Qa5 10. Kf2 fxe5 11. fxe5 Nh6 12. Kg3 Be7 13. Bd3 Bd7 14. Be3 0-0-0 15. Nbd2 Qc7 16. Qb1 Rdf8 17. Bxh7 Nf7 18. Bf4 Qd8 19. Qg6 cxd4 20. cxd4 Qb6 21. Nb3 a5 22. Rac1 Kb8 23. Rh2 a4 24. Nc5 Bxc5 25. Rxc5 Nfxe5 26. Nxe5 Nxe5 27. Bxe5+ Ka7 28. Bc7 1-0